000 00238nam a22001217a 4500
003 SGT
082 _bKUM
100 _aKUMAR, MUNESH
245 _aKLA SHIKSHAN
260 _aDELHI
_bINDIAN PUB.
_c2008
300 _a224
942 _2ddc
_cBK
999 _c19932
_d19932